[Event "Spring Chess Classic-A 2022"]
[Site "Saint Louis"]
[Date "2022.03.06"]
[Round "5.10"]
[White "Swiercz, Dariusz"]
[Black "Hakobyan, Aram"]
[Result "1/2-1/2"]
[WhiteElo "2656"]
[BlackElo "2601"]
[Annotator "TA"]
[PlyCount "141"]
[EventDate "2022.03.02"]
[EventType "tourn"]
[EventCountry "USA"]
[SourceTitle "playchess.com"]
[Source "ChessBase"]
[SourceQuality "1"]

{[%evp 24,141,30,45,27,27,23,28,37,28,52,49,44,45,45,44,61,57,66,78,72,83,69,70,110,112,114,106,110,111,112,108,142,135,141,137,151,144,206,206,206,206,206,206,206,206,206,206,206,206,206,206,206,0,206,206,206,206,206,205,206,206,206,206,206,206,206,206,206,206,206,206,206,206,206,206,206,206,206,206,206,206,206,206,206,206,206,206,206,206,206,206,206,61,155,8,8,8,8,8,8,8,8,0,0,0,0,0,0,0,0,0,0,0,0,0,0,0,0,0]} 1. e4 e5 2. Nf3 Nc6 3. Bb5 {[%cal Bf1b5,Bb5a4,Ba4b3][%mdl 32]} a6 4. Ba4 Nf6 5. O-O Nxe4 6. d4 b5 7. Bb3 d5 8. dxe5 Be6 9. Nbd2 Nc5 10. c3 d4 11. Bxe6 Nxe6 12. cxd4 Ncxd4 13. a4 Bb4 {The modern move. C80: Open Ruy Lopez: Sidelines and 9 Nbd2.} 14. axb5 Nxb5 (14... axb5 $2 15. Rxa8 Qxa8 16. Nxd4 Nxd4 17. Qg4 $16) 15. Nc4 O-O {White has an edge.} 16. Be3 c5 17. Qc2 {[#]} a5 $146 ({Predecessor:} 17... Nbd4 18. Qe4 Nxf3+ 19. gxf3 Nd4 20. Nd6 Qb6 21. Kg2 Rfd8 22. Rfd1 a5 23. Bg5 Rdb8 24. Qg4 Qc7 25. Rxd4 h5 26. Bf6 hxg4 27. Rxg4 {1-0 (27) Kunzelmann,F (2282)-Heiermann,L (1689) GER email 2010}) 18. Rfd1 Nbd4 19. Qe4 {[%cal Rf3d4]} Qc7 20. Nd6 {[%cal Re3d4]} Rad8 21. Bxd4 cxd4 22. Nxd4 Nxd4 23. Qxd4 Rd7 24. Rac1 Qb8 25. h4 Rfd8 {[%cal Rb4d6]} 26. Rc6 h6 27. Qd5 a4 28. Qc4 Bxd6 29. Rcxd6 Rxd6 30. exd6 {[%cal Be5d6,Bd6d7][%mdl 32]} ({Don't play} 30. Rxd6 Rxd6 31. exd6 Qxd6 $16) 30... Qxb2 (30... Rxd6 $16 31. Rxd6 (31. Qxa4 Rxd1+ 32. Qxd1 Qxb2 $11) 31... Qxd6) 31. Qxa4 $16 {[%mdl 4096] Endgame KQR-KQR} Qf6 32. d7 {[#] Black must now prevent Re1.} Qe7 {Inhibits Re1.} 33. g3 Kf8 34. Qd4 Kg8 35. Qd5 Kf8 36. Qc6 Kg8 37. Qc7 Kf8 38. Qc6 Kg8 39. Kg2 Kf8 40. Rd6 Kg8 41. Qd5 Kf8 42. Qd4 {[%cal Od6h6] Rxh6! is the strong threat.} Kg8 43. h5 Kh7 44. Qd3+ Kg8 45. Rd5 Qe6 46. Qd4 Qe7 47. g4 Kh7 48. Kf1 Kg8 49. Rd6 Kh7 50. Kg2 Kg8 51. Kf3 Qe1 52. Rd5 Qe7 53. Kg3 Kh7 54. Qd2 Kg8 55. f3 Kf8 56. Kg2 Kg8 57. Rd4 Kf8 58. f4 ({Better is} 58. Qc2 $18) 58... Kg8 {[#]} (58... Qh4 $14) 59. f5 (59. g5 $1 $16) 59... Kh7 $11 {The position is equal.} 60. Qd3 {White threatens f6+ and mate.} f6 61. Kf2 Qe5 62. Kf3 Qh2 63. Qd1 {Active counter play!} Qh3+ 64. Kf2 Qh2+ 65. Kf3 Qh3+ 66. Ke4 Qg2+ 67. Kd3 Qg3+ 68. Ke2 Qg2+ 69. Ke3 Qg3+ 70. Ke2 Qg2+ 71. Ke3 {Black defended with fortune.  Weighted Error Value: White=0.16 (very precise) /Black=0.06 (flawless)} 1/2-1/2

[Event "Spring Chess Classic-A 2022"]
[Site "Saint Louis"]
[Date "2022.03.07"]
[Round "6.6"]
[White "Sevian, Samuel"]
[Black "Hakobyan, Aram"]
[Result "1-0"]
[WhiteElo "2684"]
[BlackElo "2601"]
[Annotator "TA"]
[PlyCount "107"]
[EventDate "2022.03.02"]
[EventType "tourn"]
[EventCountry "USA"]
[SourceTitle "playchess.com"]
[Source "ChessBase"]
[SourceQuality "1"]

{[%evp 16,107,20,7,14,0,6,18,22,0,24,13,15,0,17,0,0,0,18,14,15,30,10,18,18,29,27,20,55,60,46,56,72,61,62,64,67,55,49,52,61,48,64,49,61,73,89,81,89,69,87,78,79,81,86,65,64,0,0,0,0,0,115,0,115,115,115,115,115,129,115,115,115,115,115,115,115,115,783,115,1670,1436,1122,1084,29962,1059,29961,12271,29976,29974,29975,29974,29960,6356]} 1. e4 c5 2. Nf3 d6 3. d4 cxd4 4. Nxd4 Nf6 5. Nc3 a6 6. Be2 e5 7. Nb3 Be7 8. O-O O-O 9. Re1 Be6 {B92: Sicilian Najdorf: 6 Be2.} 10. Bf3 Qc7 11. a4 Nbd7 {The position is equal.} 12. Be3 h6 13. a5 Rfc8 14. h3 Rab8 {is currently scoring better than 14...Qc6.} 15. Ba7 Ra8 16. Be3 Rab8 17. Nd2 {[#]} Bf8 $146 ({Predecessor:} 17... Bd8 18. Nf1 b5 19. axb6 Nxb6 20. Bc1 Qd7 21. Re2 Qc6 22. Ne3 Nc4 23. Nxc4 Bxc4 24. Rd2 Bc7 25. Nd5 Bxd5 26. exd5 {½-½ (42) Shablinsky,M (2462)-Osipov,S (2499) ICCF email 2019}) 18. Nf1 b5 19. axb6 $1 Nxb6 20. Rxa6 Nc4 21. Ra7 $1 Qd8 22. b3 Nxe3 23. Rxe3 d5 24. exd5 Bc5 {[%csl LRa7,LRe3]} 25. Ra6 ({Much weaker is} 25. dxe6 Qxd1 26. exf7+ Kf8 27. Nxd1 (27. Bxd1 $2 {perishes.} Bxa7 28. Rg3 Rb4 $17) 27... Bxa7 $11) 25... Bxe3 26. Nxe3 Rxc3 27. dxe6 {[#] Strongly threatening Rd6.} Qxd1+ 28. Bxd1 fxe6 29. Rxe6 e4 30. Be2 Rc5 31. Bc4 Kf8 {Inhibits Re8+.} 32. Ra6 {Ra7 is the strong threat.} Rc7 {To avoid Ra7} 33. g4 Rd7 34. Kg2 Rdd8 35. Ra5 (35. Be6 {is more complex.} Rb7 36. h4 g6 37. Kg3 Rd2 38. Rc6) 35... g6 36. Nd5 (36. Ra7 $14 Rd7 37. Ra6) 36... Nxd5 $11 37. Bxd5 {[%mdl 4096] Endgame KRR-KRB} Re8 38. Ra7 Rbd8 (38... Re5 $11 39. Rf7+ Ke8) 39. Rf7+ $16 Kg8 40. Rd7+ Kf8 41. Rxd8 {White is more active.} Rxd8 42. Bxe4 {KR-KB} g5 43. h4 {Hoping for hxg5.} Ke7 44. hxg5 hxg5 45. f4 Kf6 46. Kf3 Rd1 $2 {[%mdl 8192] [#]} (46... Rd4 $16) 47. Bd3 $2 (47. fxg5+ $1 $18 Kxg5 48. Ke3) 47... Re1 $2 {[%mdl 8192]} (47... Rb1 $16 48. Ke3 Re1+ 49. Kd2 Re7) 48. b4 $18 {[%cal Bb3b4,Bb4b5,Bb5b6][%mdl 32]} Rb1 49. b5 Re1 50. c4 (50. fxg5+ $142 Ke7 51. g6 Re5 52. Kf4 Rd5 53. b6 Rd7 54. g7 Kf7 55. Be4) 50... Rd1 51. fxg5+ Kxg5 52. Ke4 {White mates.} Re1+ 53. Kd5 Kxg4 54. b6 {Weighted Error Value: White=0.25 (precise) /Black=0.66} 1-0

[Event "Spring Chess Classic-A 2022"]
[Site "Saint Louis"]
[Date "2022.03.07"]
[Round "6.7"]
[White "Robson, Ray"]
[Black "Swiercz, Dariusz"]
[Result "1/2-1/2"]
[WhiteElo "2676"]
[BlackElo "2656"]
[Annotator "TA"]
[PlyCount "99"]
[EventDate "2022.03.02"]
[EventType "tourn"]
[EventCountry "USA"]
[SourceTitle "playchess.com"]
[Source "ChessBase"]
[SourceQuality "1"]

{[%evp 11,99,17,18,14,0,0,0,0,0,4,7,0,8,0,4,0,2,14,34,29,46,51,59,59,59,0,70,59,72,48,56,41,42,33,47,27,29,22,20,16,20,0,0,0,14,0,0,0,0,0,0,0,0,0,0,0,13,13,7,10,52,54,56,55,71,53,79,59,59,49,53,6,33,33,33,10,10,0,33,33,33,33,33,33,33,4,4,0,0,0]} 1. d4 Nf6 2. c4 e6 3. Nf3 d5 4. Nc3 Bb4 5. Qa4+ Nc6 6. e3 O-O 7. Qc2 {D38: Queen's Gambit Declined: Ragozin Defence (4 Nf3 Bb4).} b6 8. Bd2 Bb7 9. cxd5 exd5 10. a3 Bd6 11. Bd3 a6 {To avoid Nb5} 12. O-O Ne7 13. b4 {[%cal Bb2b4,Bb4b5][%mdl 32]} Ng6 14. b5 {[#] 14.Rfe1 is setting a new trend.} a5 $146 ({Predecessor:} 14... axb5 15. Nxb5 c5 16. Nxd6 Qxd6 17. Rfb1 Ba6 18. Bf5 Bc8 19. Bxg6 hxg6 {0-1 (33) Babula,V (2559)-Alekseev,E (2617) Tornelo INT 2021}) 15. a4 Re8 16. Bc1 Ne4 17. Ba3 Rc8 18. Rfc1 (18. Qb2 $14) 18... Nh4 ({Black should play} 18... c5 $11 19. bxc6 Rxc6) 19. Nxh4 $1 $14 Qxh4 20. g3 Qg5 21. Nxe4 (21. Qd1 {is more complex.} Qf6 22. Rc2 Bxa3 23. Rxa3 c5 24. bxc6 Rxc6 25. Nxe4 dxe4 26. Rxc6 Bxc6 27. Ba6) 21... dxe4 22. Bf1 Qf5 {Inhibits Bh3.} 23. Qb2 h5 24. Rc3 h4 25. Rac1 g6 26. Qe2 Kg7 27. Qb2 ({Of course not} 27. gxh4 Bxa3 28. Rxa3 Rh8 $17) 27... Bd5 28. Bxd6 cxd6 29. Rxc8 Rxc8 30. Rxc8 Qxc8 31. Qa3 Qc7 32. gxh4 Kf8 33. Be2 Ke7 {[#] Strongly threatening ...Qc2.} 34. Qb2 {To avoid Qc2} Qc8 35. Kg2 Qf5 (35... Be6 $11 {is more appropriate.}) 36. Qc3 Kd8 {To avoid Qc7+} 37. h3 {[#] Bg4 is the strong threat.} Qf6 38. Bg4 {Black must now prevent Qc8+.} Bb7 {Inhibits Qc8+.} 39. Kg3 Qe7 40. Qc4 d5 41. Qc3 (41. Qf1 $14 {feels stronger.}) 41... f5 42. Bd1 Qd6+ $1 43. Kg2 Qe7 44. Kg3 Qd6+ 45. f4 {aiming for Be2.} exf3+ 46. Kxf3 {Hoping for Qe1.} Qh2 47. Qe1 {And now Qg3 would win.} Qxh3+ 48. Ke2 (48. Kf4 $5 {[%cal Re1f2]}) 48... Qg2+ 49. Kd3 Bc8 50. Kc3 {Weighted Error Value: White=0.07 (flawless) /Black=0.07 (flawless)} 1/2-1/2

[Event "Spring Chess Classic-A 2022"]
[Site "Saint Louis"]
[Date "2022.03.07"]
[Round "6.8"]
[White "Nyzhnyk, Illya"]
[Black "Antipov, Mikhail Al."]
[Result "1/2-1/2"]
[WhiteElo "2674"]
[BlackElo "2615"]
[Annotator "TA"]
[PlyCount "112"]
[EventDate "2022.03.02"]
[EventType "tourn"]
[EventCountry "USA"]
[SourceTitle "playchess.com"]
[Source "ChessBase"]
[SourceQuality "1"]

{[%evp 20,112,56,54,46,39,54,36,41,34,37,34,40,43,36,27,57,62,55,50,40,30,37,0,0,0,0,6,7,22,29,18,12,9,8,11,97,94,106,14,14,9,10,0,0,0,0,0,0,0,0,0,0,0,0,0,0,0,0,0,0,0,0,0,0,0,0,0,0,0,0,-8,-8,-8,-8,-8,-8,-8,-8,-8,-8,-8,-8,-8,-8,-8,-8,-8,-8,-8,-8,-8,-8,-8,-8]} 1. Nf3 Nf6 2. c4 c5 3. Nc3 e6 4. d4 cxd4 5. Nxd4 a6 6. e4 Qc7 7. a3 b6 8. Be3 Bb7 9. f3 Be7 10. Be2 d6 11. O-O Nbd7 {B41: Sicilian: Kan Variation: 5 c4.} 12. Rc1 O-O 13. Qd2 Rac8 {White is slightly better.} 14. b4 $1 {14.b4 scores better than 14.Rfd1.} Qb8 15. Rfd1 Rfe8 16. Bf1 Bd8 17. Nb3 Bc7 {[%cal Od6d5]} 18. Bf4 {[%cal Rf4d6]} Ne5 $1 19. Bxe5 dxe5 20. Qe3 Red8 {[#]} 21. a4 $146 ({Predecessor:} 21. Na4 Bc6 22. Nb2 Qa8 23. a4 Nd7 24. Kh1 f5 25. exf5 exf5 26. b5 Bb7 27. Qg5 Bxf3 28. gxf3 Qxf3+ {0-1 (48) Chin,A (1937)-Zhu,E (2006) Charlotte 2019}) 21... Bc6 22. Kh1 Be8 23. c5 Rxd1 24. Rxd1 Qa7 25. Qe2 Ra8 26. Ra1 bxc5 27. Nxc5 {Threatens to win with a5.} Bb6 (27... a5 $1 $11 {remains equal.} 28. Nb5 Qb6) 28. Nxa6 $16 {White is more active. Pair of Knights!} Rc8 29. Nc5 ({White should try} 29. Ra3 $16) 29... Bxc5 $11 {The position is equal.} 30. bxc5 Qxc5 31. Nb5 Qb4 32. a5 Rb8 $1 {[%cal Re8b5]} 33. Qe1 $1 Qxe1 (33... Rxb5 34. Bxb5 Qxb5 35. a6 $16) 34. Rxe1 {[%cal Oa5a6]} Bxb5 35. Rb1 Ne8 $1 36. Rxb5 Rxb5 37. Bxb5 {[%mdl 4096] Endgame KB-KN} Nc7 38. Bd3 Kf8 39. f4 exf4 40. e5 Ke7 41. Kg1 h6 42. Kf2 Kd7 43. Kf3 Kc6 44. Kxf4 Kc5 45. Bh7 Nd5+ 46. Kf3 $1 {Hoping for Bg8.} Ne7 {Inhibits Bg8.} ({But not} 46... Kb5 47. Bg8 $14) 47. a6 {[#] aiming for a7.} Kb6 {...g6 is the strong threat.} 48. Bd3 Nc6 49. Kf4 Nb4 {[%csl LRa6,LRd3]} 50. Bh7 Nxa6 51. Bg8 $1 Kc5 ({Don't do} 51... g5+ 52. Kg4 $14) 52. Bxf7 Kd5 53. Kg4 $1 Nc5 54. Kh5 Nd3 {[#] Strongly threatening ...Nf4+.} 55. Bxe6+ $1 Kxe6 56. Kg6 Nf4+ {Weighted Error Value: White=0.06 (flawless) /Black=0.04 (flawless)} 1/2-1/2

[Event "Spring Chess Classic-A 2022"]
[Site "Saint Louis"]
[Date "2022.03.07"]
[Round "6.9"]
[White "Niemann, Hans Moke"]
[Black "Xiong, Jeffery"]
[Result "1/2-1/2"]
[WhiteElo "2642"]
[BlackElo "2686"]
[Annotator "TA"]
[PlyCount "89"]
[EventDate "2022.03.02"]
[EventType "tourn"]
[EventCountry "USA"]
[SourceTitle "playchess.com"]
[Source "ChessBase"]
[SourceQuality "1"]

{[%evp 14,89,34,32,35,32,45,33,29,20,18,-10,33,23,27,41,39,29,50,16,77,73,72,52,69,65,77,77,77,77,74,75,67,92,70,63,87,0,0,0,0,0,0,16,45,24,42,0,0,0,0,0,0,0,0,0,0,0,0,0,0,0,0,-10,-10,-10,-10,-16,-14,-14,-14,-14,-14,-14,0,0,0,-16]} 1. e4 c5 2. Nf3 d6 3. Bb5+ Nc6 4. O-O Bd7 5. Re1 Nf6 6. c3 a6 7. Bf1 Bg4 8. d4 Bxf3 {B51: Sicilian: Moscow Variation (3 Bb5+) without 3...Bd7.} 9. gxf3 cxd4 10. cxd4 d5 {White is slightly better.} 11. e5 Nh5 12. e6 (12. f4 $5 {[%cal Rd1h5]} g6 13. f5 $11) 12... fxe6 (12... g6 $11) 13. Bh3 $14 (13. Rxe6 g6 14. Nc3 Kf7 $17) 13... g6 $1 {...Bg7 is the strong threat.} 14. Nc3 $1 $36 {[%cal Bb1c3,Bc3a4,Ba4c5][%mdl 2080] White has good play.} (14. Rxe6 Bg7 15. Nc3 O-O $17) (14. Bxe6 Ng7 15. Bh3 Nf5 $15) 14... Ng7 (14... e5 15. dxe5 d4 16. Na4 $16 (16. Ne4 Qd5 $16)) 15. Na4 (15. Bxe6 Nxe6 16. Rxe6 Bg7 $17) 15... e5 16. Nc5 {[#] To avoid e6. Threatens to win with Bg5.} (16. dxe5 e6 17. f4 Rc8 $15) (16. Bg5 $5 {[%cal Ra4c5]}) 16... e6 $146 (16... Kf7 $1 $11) ({Predecessor:} 16... Kf7 17. Bh6 Nf5 18. Bxf8 Rxf8 19. Bxf5 gxf5 20. f4 Rg8+ 21. Kh1 Rg4 22. dxe5 e6 23. Nxb7 {½-½ (30) Yu,Y (2646)-Bu,X (2662) Danzhou 2011}) 17. Nxe6 $16 Nxe6 18. Bxe6 Bb4 $1 19. Rxe5 ({Not} 19. dxe5 $2 Bxe1 20. Qxe1 Nd4 $19) 19... Nxe5 20. dxe5 Qe7 21. Qxd5 {[#] aiming for Qb3.} Rd8 22. Qb3 {Black must now prevent Bh6.} Bd2 {Inhibits Bh6.} 23. Bxd2 Rxd2 24. Rc1 {And now f4 would win. Dancing on a razor blade.} Rd3 {[#] Strongly threatening ...Qg5+.} 25. Qc4 {White is more active.} ({Of course not} 25. Qxd3 $6 Qg5+ 26. Bg4 Qxc1+ 27. Kg2 O-O $11) ({White should try} 25. Rc8+ $16 Rd8 26. Qc4) 25... Rd4 $11 26. Qxd4 {Intending Rc8+ and mate.} Qg5+ 27. Bg4 Qxc1+ {[%mdl 4096] Endgame KQR-KQB} 28. Kg2 Qc7 {Prevents Qd7+.} 29. f4 Rf8 30. h4 (30. Kg3 $14 {might be stronger.}) 30... Qd8 {The position is equal.} 31. Qa4+ b5 32. Qxa6 Rxf4 33. Qxb5+ Kf8 34. Qc5+ Qe7 35. Qxe7+ ({But not} 35. Qc8+ Kg7 36. Qd7 Qxd7 37. Bxd7 Rxh4 $17) 35... Kxe7 {KR-KB} 36. Kg3 Rd4 37. f4 Rd2 38. Bf3 Rxb2 39. Bd5 Rd2 40. Bb3 h5 {[%mdl 1024] Black has compensation.} 41. Bc4 Rc2 42. Bd5 Rc3+ 43. Kg2 Rc2+ 44. Kf3 Rc3+ 45. Ke4 {Weighted Error Value: White=0.08 (flawless) /Black=0.06 (flawless)} 1/2-1/2

[Event "Spring Chess Classic-A 2022"]
[Site "Saint Louis"]
[Date "2022.03.07"]
[Round "6.10"]
[White "Lenderman, Aleksandr"]
[Black "Dragun, Kamil"]
[Result "1-0"]
[WhiteElo "2600"]
[BlackElo "2590"]
[Annotator "TA"]
[PlyCount "87"]
[EventDate "2022.03.02"]
[EventType "tourn"]
[EventCountry "USA"]
[SourceTitle "playchess.com"]
[Source "ChessBase"]
[SourceQuality "1"]

{[%evp 19,87,6,10,8,3,6,4,5,8,18,14,19,19,0,0,0,13,33,58,35,53,18,13,0,40,39,40,0,0,0,0,0,0,-9,88,97,89,97,97,89,128,90,248,260,237,244,244,253,225,240,255,225,289,281,450,474,467,470,565,540,550,556,562,547,533,536,524,505,459,438]} 1. Nf3 d5 2. e3 Nf6 3. c4 e6 4. Nc3 Be7 5. b3 O-O 6. Bb2 b6 7. cxd5 exd5 8. d4 Bb7 9. Bd3 Nbd7 10. O-O a6 {The main line 10...a6 scores better than 10...Re8.} 11. Ne2 {[%cal Bc3e2,Be2g3,Bg3f5][%mdl 32] E14: Queen's Indian: Classical Variation (4 e3).} Re8 12. Ng3 Bd6 {To avoid Ne5} 13. Nf5 {The position is equal.} Bf8 14. Ne5 g6 15. Ng3 {[#]} Ne4 $146 ({Predecessor:} 15... Bg7 16. f4 c5 17. Qf3 Qc7 18. Rac1 Rac8 19. Qe2 a5 20. Bb5 Re7 21. Rfd1 Qd8 {1-0 (53) Keymer,V (2591)-Mendonca,L (2549) chess24.com INT 2021}) 16. Qc2 {[%cal Rg3e4]} Nxg3 17. hxg3 Nxe5 (17... Bd6 {keeps more tension.} 18. Rac1 Qe7 19. Rfe1 Bb4 20. Red1 Bd6) 18. dxe5 Bg7 19. f4 c5 {[%cal Bc7c5,Bc5c4,Bc4c3][%mdl 32]} 20. Qf2 Rc8 21. Rad1 {[%cal Od3e4]} Rc7 (21... Qe7 $5 {[%cal Rc5c4]}) 22. g4 Qe7 23. g5 c4 24. Bc2 c3 25. Bc1 {[%cal Bb2c1,Bc1e3,Be3c5][%mdl 32]} b5 26. Qg3 Bc8 (26... b4 $11 {remains equal.}) 27. Rxd5 $16 b4 28. e4 Rd7 29. Rfd1 Red8 30. Be3 Bb7 $2 {[#] This costs Black the game.} (30... Qe6 $16) 31. Bc5 $1 $18 Rxd5 (31... Qe8 32. Rxd7) 32. Rxd5 (32. Bxe7 $6 Rxd1+ 33. Kh2 Bf8 34. Bxd8 Rxd8) 32... Qc7 33. Rxd8+ ({Not} 33. Bxb4 $2 Bxd5 34. Qxc3 Qxc3 35. Bxc3 Be6 $19) 33... Qxd8 {[#]} 34. Qd3 $1 Qxd3 35. Bxd3 {[%mdl 4096] Endgame KBB-KBB} a5 36. Bb6 h6 $2 (36... Bf8 {keeps fighting.} 37. Kf2 (37. Bxa5 Ba6 $16) 37... Bc8) 37. Bxa5 {White is clearly winning.} Bf8 38. gxh6 Bc5+ 39. Kh2 Kh7 40. Bc7 Ba6 41. Bc2 ({But not} 41. Bxa6 $2 c2 42. Bd6 c1=Q 43. Bxc5 Qxc5 $19) 41... Kxh6 42. Bd6 Be3 43. g3 g5 44. f5 {Weighted Error Value: White=0.04 (flawless) /Black=0.23 (precise)} 1-0

[Event "Spring Chess Classic-A 2022"]
[Site "Saint Louis"]
[Date "2022.03.08"]
[Round "7.6"]
[White "Dragun, Kamil"]
[Black "Sevian, Samuel"]
[Result "1/2-1/2"]
[WhiteElo "2590"]
[BlackElo "2684"]
[Annotator "TA"]
[PlyCount "196"]
[EventDate "2022.03.02"]
[EventType "tourn"]
[EventCountry "USA"]
[SourceTitle "playchess.com"]
[Source "ChessBase"]
[SourceQuality "1"]

{[%evp 14,196,39,40,47,46,51,70,62,70,41,53,62,41,87,64,60,73,159,148,166,116,115,113,190,195,170,137,144,124,154,143,183,177,293,292,296,291,294,85,85,4,5,9,11,6,251,258,237,0,0,0,0,0,0,0,0,0,74,80,81,69,92,83,100,108,109,73,116,106,108,114,114,123,123,113,109,62,84,88,166,173,129,127,193,185,197,195,189,189,189,189,183,168,321,321,321,321,321,321,298,198,198,198,198,198,191,191,172,165,321,321,321,321,321,321,341,300,300,300,394,69,69,69,69,69,65,39,39,39,40,40,40,40,40,40,40,40,40,40,40,40,44,44,44,20,20,20,20,20,20,0,44,0,44,44,44,44,44,44,44,44,44,44,44,36,36,0,44,44,46,46,46,46,46,20,26,28,28,35,28,8,14,-8,8]} 1. Nf3 d5 2. d4 Nf6 3. c4 e6 4. g3 dxc4 5. Bg2 a6 6. O-O Nc6 7. e3 Rb8 8. Nfd2 e5 {E04: Open Catalan: 5 Nf3.} 9. Bxc6+ bxc6 10. dxe5 Ng4 {White is slightly better.} 11. Nxc4 Be6 12. Nbd2 Bb4 13. b3 Bc3 {[#]} (13... h5 $14) 14. Rb1 $146 ({Predecessor:} 14. Ba3 Qg5 15. Nf3 Qh5 16. Nd6+ cxd6 17. Qxd6 Rb7 18. Qxc6+ Rd7 19. Qxc3 Nf6 20. Qc8+ Rd8 21. Qc6+ {1-0 (21) Yuffa,D (2556)-Ioannidis,E (2422) Riga 2021}) 14... Bxd2 15. Nxd2 {[%cal Bc4d2,Bd2f3,Bf3h4][%mdl 32]} h5 (15... Qd3 $142) 16. Nf3 $1 $16 Bd5 17. e6 (17. Rb2 $1 $18) 17... fxe6 18. Qc2 {Inhibits Be4.} O-O (18... Bxf3 $16 {might work better.} 19. Qg6+ Kd7 20. Qf7+ Kc8 21. Qxf3 Ne5) 19. Nh4 $1 $18 c5 20. f3 Ne5 {[%cal Re5f3]} 21. e4 Ba8 22. Qxc5 Rb5 23. Qe3 g5 {[#]} (23... Qd3 {keeps fighting.}) 24. a4 $1 gxh4 25. axb5 Nxf3+ 26. Kh1 $2 (26. Rxf3 Qd1+ 27. Kg2 h3+ 28. Kxh3 Qxf3 29. Qxf3 Rxf3 $18) (26. Kg2 $18 {and White stays clearly on top.} h3+ 27. Kxh3) 26... Rf5 $16 27. Bb2 (27. exf5 Ng5+) ({White should play} 27. Rxf3 $16 Rxf3 28. Qxf3) 27... Ng5 $11 28. Rxf5 (28. Qc3 $2 Bxe4+ 29. Rf3 Bxf3+ $19) 28... Bxe4+ 29. Kg1 $1 Nh3+ {[%mdl 8192]} (29... exf5 $11 30. Rc1 (30. Qc3 Nh3+ 31. Kf1 Qd3+ 32. Qxd3 Bxd3+ 33. Kg2 Bxb1 $11) 30... axb5) 30. Kf1 $18 {[%cal Oe3e4]} Bxf5 31. Ke1 $2 Qd5 $11 32. Rc1 axb5 33. gxh4 $40 {[%mdl 128] White attacks.} Qh1+ 34. Kd2 {Really sharp!} Qxh2+ 35. Kc3 $1 ({Wrong is} 35. Qe2 $2 Qd6+ 36. Ke1 Nf4 $19) 35... Nf4 (35... b4+ $11 {keeps the balance.} 36. Kxb4 Qxb2) 36. Qg1+ $16 Qxg1 37. Rxg1+ {[%mdl 4096] Endgame KRB-KBN} Bg4 38. Kd2 Ng6 39. Rc1 $1 Nxh4 40. Rxc7 Bf3 {Inhibits Rb7.} (40... e5 $142 41. Ke3 Nf3) 41. Rc5 b4 42. Rc4 {[%csl LRb4,LRh4]} Ng6 43. Ke3 Bd5 44. Rxb4 Kf7 45. Rb8 ({Better is} 45. Kf2 $16) 45... h4 $14 46. Kf2 $1 e5 (46... Nf4 $16) 47. b4 $18 {[%cal Bb3b4,Bb4b5,Bb5b6][%mdl 32]} Ke7 (47... Nf4 $18) 48. Bc1 $16 h3 (48... Kd7 $16 49. Be3 Be4) 49. Kg3 $18 Bg2 50. b5 {Strongly threatening b6.} Nf4 51. Ba3+ Kd7 52. Rh8 {Threatens to win with Rh7+.} Be4 {Prevents Rh7+.} 53. Rh6 Bd3 $2 (53... Kc7 {is a better defense.} 54. Bb4 Ne2+ 55. Kxh3 Nd4 56. Bd6+ Kb7 57. Bxe5 Nxb5) 54. b6 $1 {And now b7 would win.} Be4 55. Bd6 Nd3 56. Kxh3 Kc8 57. Kg3 Kb7 58. Bc7 Bc6 59. Rh7 {Bd8+ is the strong threat.} Nc5 60. Bd8+ Nd7 61. Rh2 {Hoping for Ra2.} Kc8 $2 {[#]} (61... Nc5 {was called for.} 62. Rh4 Bb5) 62. Rc2 $1 Kb7 63. Ra2 Kc8 {[#]} 64. Bc7 $1 Bh1 65. Ra1 Be4 66. Kf2 Bc6 67. Ke3 $2 (67. Ra7 $18) 67... Nf6 $1 $14 68. Bxe5 (68. Rc1 {looks sharper.} Nd5+ 69. Ke4 Kb7 70. Bd8 Nxb6+ 71. Kxe5 Bb5 72. Kd6) 68... Nd5+ 69. Kd4 {Intending Kc5 and mate.} Nxb6 70. Kc5 Nd7+ 71. Kxc6 {Ra8+ would kill now.} Nxe5+ {KR-KN} 72. Kd6 Nd7 $1 73. Ra7 Nb8 74. Ra2 Nd7 75. Ra1 Nb8 $1 76. Rh1 Kb7 77. Rb1+ Kc8 78. Rb3 Nd7 79. Rc3+ Kd8 80. Rc1 Nf8 81. Re1 Nd7 82. Ra1 {Threatening mate with Ra8+.} Kc8 83. Rb1 Nb8 $1 84. Rc1+ Kb7 85. Rc2 Na6 86. Rb2+ Kc8 87. Rb5 Nb8 $1 88. Ra5 Kb7 89. Ra2 Na6 90. Rb2+ Kc8 91. Rb3 Nb8 $1 92. Rb6 Nd7 93. Rc6+ Kd8 94. Rc7 (94. Ra6 $5 {[%cal Ra6a8]} Kc8 95. Ra8+ Kb7 96. Ra2 $14 (96. Kxd7 Kxa8 $11)) 94... Nf8 95. Re7 Ng6 96. Rf7 Ke8 97. Rf6 Nf8 $1 98. Rxf8+ Kxf8 {Black escapes into a draw.  Weighted Error Value: White=0.18 (very precise) /Black=0.24 (precise)} 1/2-1/2

[Event "Spring Chess Classic-A 2022"]
[Site "Saint Louis"]
[Date "2022.03.08"]
[Round "7.7"]
[White "Xiong, Jeffery"]
[Black "Lenderman, Aleksandr"]
[Result "1/2-1/2"]
[WhiteElo "2686"]
[BlackElo "2600"]
[Annotator "TA"]
[PlyCount "60"]
[EventDate "2022.03.02"]
[EventType "tourn"]
[EventCountry "USA"]
[SourceTitle "playchess.com"]
[Source "ChessBase"]
[SourceQuality "1"]

{[%evp 9,60,27,32,22,25,18,29,35,33,25,38,27,35,39,73,36,48,13,41,31,41,50,51,27,38,32,24,22,33,26,24,33,45,0,0,0,23,24,36,0,0,0,0,0,0,-7,0,0,0,0,0,0,0]} 1. e4 c5 2. Nf3 Nc6 3. Nc3 e5 4. Bc4 d6 5. d3 Be7 6. a4 {B30: Sicilian: 2...Nc6 3 Bb5, lines without ...g6.} Nf6 (6... h6 {feels hotter.} 7. Nd2 Nf6 8. Nf1 Bg4 9. f3 Be6) 7. Bg5 Nd7 8. Bxe7 {White has an edge.} Qxe7 {[#]} 9. Nd2 $146 {[%cal Bf3d2,Bd2f1,Bf1e3][%mdl 32]} ({Predecessor:} 9. Nd5 Qd8 10. c3 O-O 11. Nd2 Nf6 12. Nxf6+ Qxf6 13. Nf1 Qg5 14. Ne3 Kh8 15. h4 {½-½ (39) Short,N (2690)-Illescas Cordoba,M (2591) Sestao 2010}) 9... O-O 10. Nf1 Qg5 11. Ne3 Nf6 12. Qd2 Nd4 13. Nb5 {Black must now prevent h4.} Rd8 14. c3 Nxb5 15. axb5 Be6 16. f3 Qg6 17. O-O d5 18. exd5 Nxd5 19. Nxd5 Bxd5 20. Qe3 {[%csl LRc5,LRe5]} Qd6 21. f4 (21. Rae1 $14) 21... exf4 $11 22. Qxf4 b6 23. Qxd6 Rxd6 24. Ra6 g6 {The position is equal.} 25. b3 Bxc4 26. dxc4 Rd2 27. Rf2 Rd1+ 28. Rf1 Rd2 29. Rf2 Rd1+ 30. Rf1 Rd2 {Weighted Error Value: White=0.10 (very precise) /Black=0.06 (flawless)} 1/2-1/2